| 000 | 01124 am a2200325ua 4500 | ||
|---|---|---|---|
| 001 | 008751926 | ||
| 003 | OSt | ||
| 005 | 20150408113955.0 | ||
| 008 | 111210s1996 enka || 000 1|eng | ||
| 015 |
_aGBA138037 _2bnb |
||
| 020 | _a9780199733491 | ||
| 040 |
_aDLC _cDLC _dUk |
||
| 082 | 0 | 4 |
_a823.4 T M A _221 |
| 100 | 1 |
_aTwain, Mark, _d1835-1910. |
|
| 245 | 1 | 0 |
_aAdventures of Huckleberry Finn / _cMark Twain ; foreword, Shelley Fisher Fishkin |
| 260 |
_aBerkeley, Calif. ; _aLondon : _bUniversity of California Press, _c1996. |
||
| 300 |
_a366, 49 p. : _bill. ; _c22 cm. |
||
| 490 | 1 | _aThe Mark Twain library | |
| 504 | _aIncludes bibliographical references. | ||
| 650 | 0 |
_aMale friendship _vFiction. _97475 |
|
| 650 | 0 |
_aBoys _xFiction. _97476 |
|
| 650 | 0 |
_aFinn, Huckleberry (Fictitious character) _vFiction. _97477 |
|
| 650 | 0 |
_aFugitive slaves _vFiction. _97478 |
|
| 651 | 0 |
_aMissouri _vFiction. _97016 |
|
| 651 | 0 |
_aMississippi River _vFiction. _97479 |
|
| 700 | 1 |
_aFishkin,Shelley Fisher _97480 |
|
| 830 | 4 |
_aThe Mark Twain library _97481 |
|
| 942 |
_2ddc _cDVD |
||
| 999 |
_c19479 _d253979 |
||